Cuentos de Pancho Madrigal / (Registro nro. 8744)
[ vista simple ]
| 000 -LIDER | |
|---|---|
| fixed length control field | 00725nam a22002537a 4500 |
| 001 - NÚMERO DE CONTROL | |
| Identificador de número de control | 0074 |
| 003 - IDENTIFICACDOR DE NÚMERO DE CONTROL | |
| control field | DO-SdBNP |
| 005 - DATE AND TIME OF LATEST TRANSACTION | |
| control field | 20171120100741.0 |
| 007 - CAMPOS FIJOS DE DESCRIPCIÓN FÍSICA | |
| fixed length control field | 0074 |
| 008 - ELEMENTOS DE LONGITUD FIJA | |
| fixed length control field | 151117b nq 2006 xxu||||| |||| 00| 0 spa d |
| 020 ## - ISBN | |
| International Standard Book Number | 9789992405277 |
| 040 ## - FUENTE DE CATALOGACIÓN | |
| Agencia que crea de manera original el registro | BPMSU |
| Idioma de catalogación | spa |
| Agencia que realiza la transcripción | BPMSU |
| 082 #4 - NÚMERO DE CLASIFICACIÓN DECIMAL DE DEWEY | |
| Edition number | |
| Classification number | N863.44 |
| Item number | G124c |
| 100 10 - ASIENTO PRINCIPAL -- NOMBRE PERSONAL | |
| Término de relación | Gadea Mantilla, Fabio, |
| Fechas asociadas con el nombre | 1931- |
| 245 10 - MENCIÓN DE TITULO | |
| Título | Cuentos de Pancho Madrigal / |
| Mención de responsabilidad | Fabio Gadea Mantilla |
| 250 ## - MENCIÓN DE EDICION | |
| Mención de edición | 2a ed. |
| 260 ## - PUBLICACIÓN, DISTRIBUCIÓN, ETC. (PIE DE IMPRENTA) | |
| Lugar de publicación, distribución, etc | Managua : |
| Nombre del editor, distribuidor, etc. | Centro Nicaragüense de Escritores, |
| Fecha de publicación, distribución, etc | 2006. |
| 300 ## - DESCRIPCIÓN FÍSICA | |
| Extensión | 238 p. : |
| Otros detalles físicos | il., |
| Dimensiones | 21 cm. |
| 650 ## - ENCABEZAMIENTO DE MATERIA--TEMÁTICO | |
| Término temático o nombre geográfico como elemento de entrada | CUENTOS NICARAGUENSES |
| 650 ## - ENCABEZAMIENTO DE MATERIA--TEMÁTICO | |
| Término temático o nombre geográfico como elemento de entrada | LITERATURA NICARAGUENSE |
| 942 ## - ADDED ENTRY ELEMENTS (KOHA) | |
| Source of classification or shelving scheme | Dewey Decimal Classification |
| Koha item type | Libros |
| 945 ## - INFORMACIÓN DE PROCESAMIENTO LOCAL | |
| Información de procesamiento local | Inventariado extranjero / 2017 VM |
| 956 ## - LOCAL ELECTRONIC LOCATION AND ACCESS (OCLC) | |
| Nombre de host | Brenda Tavárez |
| Withdrawn status | Lost status | Source of classification or shelving scheme | Damaged status | Not for loan | Collection code | Home library | Current library | Date acquired | Total Checkouts | Full call number | Barcode | Date last seen | Price effective from | Koha item type |
|---|---|---|---|---|---|---|---|---|---|---|---|---|---|---|
| Dewey Decimal Classification | Colección General | Biblioteca Pública Metropolitana Salomé Ureña | Biblioteca Pública Metropolitana Salomé Ureña | 11/18/2015 | N863.44 G124c | BPMSU15110341 | 11/18/2015 | 11/18/2015 | Libros |